| 000 | 01741nam a2200313 a 4500 | ||
|---|---|---|---|
| 001 | 000017013 | ||
| 005 | 20260312134858.0 | ||
| 008 | 100312s1982 ve 000 0 spa d | ||
| 020 | _a846600095X | ||
| 040 |
_aDO-SdBNP _bspa _cBNPHU |
||
| 082 |
_a177 _bH831m, 1982 |
||
| 100 | 1 |
_aHostos, Eugenio María de, _d1839-1903 _91352 |
|
| 245 | 1 | 0 |
_aMoral social : _bSociología / _cEugenio María de Hostos ; prólogo y cronología de Manuel Maldonado-Denis. |
| 260 |
_aCaracas : _bFundación Biblioteca Ayacucho, _c1982. |
||
| 300 |
_aXXXVII,481 p. ; _c23 cm. |
||
| 490 | 1 |
_aBiblioteca Ayacucho _v97 |
|
| 500 | _aIncluye Glosario (p. 360-363). | ||
| 500 | _aIncluye cronologías (p. 356-473). | ||
| 500 | _aIncluye referencias bibliográficas y notas al pie de las páginas | ||
| 504 | _aBibliografía : (p. 477-481) | ||
| 505 |
_aEugenio María de Hostos : sociologo y maestro antillano -- _tEugenio María de Hostos : fundador de la sociología iberoamericana -- _tIntroducción metodológica -- _tSociología teórica -- _tSociología inductiva -- _tSociología deductiva -- _tSociología Expositiva -- _tSocionomía -- _tResumen de la sociología -- _tMoral Social -- _tRelaciones y deberes -- _tLa sociedad y sus organos -- _tExposición de las relaciones -- _tClasificación de las relaciones -- _tRelación de gratitud -- _tDeberes duducidos de la relaciones de derecho -- _tEl derecho armado. Deberes que impone -- |
||
| 590 | _aInventariado, 2019/VM | ||
| 600 | 1 | 4 |
_aHOSTOS, EUGENIO MARÍA DE _d1839-1903 _cCRONOLOGÍA _937569 |
| 650 | 0 |
_aÉtica social _91353 |
|
| 650 | 0 |
_aSociología _91061 |
|
| 700 | 1 |
_aMaldonado-Denis, Manuel, _epról. _98036 |
|
| 830 | 0 |
_aBiblioteca Ayacucho ; _n97 _937570 |
|
| 910 | _aValidado. Control de calidad BNPHU | ||
| 999 |
_c16540 _d16540 |
||